00700 2200277 4500001002100000005001500021035002000036007000300056040001700059100003600076245006900112250001000181300003000191020001800221041000800239082000800247084002000255090001400275264004600289336001500335337001300350338001500363650001200378850001000390990002200400INLIS00000000001419720260525120452 a0010-0526000047ta aSBPUPADbind aPolitik Editorial Media sosial: aPolitik Editorial Media sosial /cPolitik Editorial Media sosial aCet.1 a293 hlm :billus ;c16 cm a979-3330-02-3 bind a320 2[23]a320 POL p a320 POL p aJakarta :bPustaka LP3ES Indonesia,c2002 2rdacontent 2rdamedia 2rdacarrier aPolitik aPUPAD a41.003/H/DPK/2026